00710cam a22001937a 4500020001800000020001500018040001000033082002600043245011200069260010400181300004000285650001800325650001600343650002600359700002900385700002200414700001900436710006100455 a9789251067321 a9251067325 cBTCTA a338 TRA 2011 A069 Or.00aAgricultural import surges in developing countries :banalytical framework and insights from case studies / aRome :bTrade and Markets Division, Food and Agriculture Organization of the United Nations,c2011. axvii, 219 p. :bcol. ill. ;c26 cm. 0aProduce trade 0aFood supply 0aAgriculture and state1 aRakotoarisoa, Manitra A.1 aSharma, Ramesh P.1 aHallam, David,2 aFood and Agriculture Organization of the United Nations.